[Event "Autumn Cup"]
[Site "Wellington Chess Club"]
[Date "2022.06.16"]
[Round "5.9"]
[White "Mills, Dan"]
[Black "Asher, Bruce"]
[Result "0-1"]
[WhiteElo "1100"]
[BlackElo "1101"]

1. e4 e6 2. Nf3 Nc6 3. d4 d5 4. Bd3 dxe4 5. Bxe4 Nf6 6. Nc3 g6 7. d5 exd5 8.
Nxd5 Nxe4 9. O-O Bg7 10. Bf4 Nd6 11. Qe1+ Be6 12. c3 O-O 13. Rd1 Re8 14. Ng5
Bxd5 15. Qd2 Bc4 16. Rfe1 h6 17. b3 hxg5 18. Bxg5 f6 19. Bf4 Bb5 20. Qd5+ Kh7
21. a4 Be2 22. Rd2 f5 23. Rdxe2 Bxc3 24. Qf3 Bxe1 25. Qh3+ Kg8 26. Qh6 Re7 27.
Qxg6+ Rg7 28. Qe6+ Kf8 29. Rxe1 Re7 30. Bh6+ Ke8 31. Qg6+ Kd7 32. Rxe7+ Qxe7
33. g3 Re8 34. Bd2 Qe2 35. Qg7+ Re7 36. Qc3 Ne4 37. Qb2 Qxf2+ 38. Kh1 Qf1# 0-1

[Event "Autumn Cup"]
[Site "Wellington Chess Club"]
[Date "2022.06.23"]
[Round "6.1"]
[White "Rossiter, Philip"]
[Black "Ashe, Michael"]
[Result "1-0"]
[WhiteElo "1779"]
[BlackElo "1688"]

1. Nf3 d5 2. b3 Nf6 3. e3 Bg4 4. Be2 e6 5. Bb2 Be7 6. d3 O-O 7. Nbd2 c5 8. O-O
Nc6 9. c4 Qc7 10. cxd5 Nxd5 11. Rc1 b6 12. a3 Bf6 13. Bxf6 Nxf6 14. Qc2 Rac8
15. b4 cxb4 16. axb4 Qb7 17. Qb2 b5 18. Nb3 Nd5 19. Na5 Nxa5 20. bxa5 a6 21. h3
Bh5 22. g4 Bg6 23. Ne5 f6 24. Nxg6 hxg6 25. Bf3 Qd7 26. Qb3 Ne7 27. d4 Rxc1 28.
Rxc1 Rc8 29. Rxc8+ Nxc8 30. d5 e5 31. Qc3 Ne7 32. Qc5 Kf8 33. e4 Ke8 34. Bd1
Nc8 35. Bb3 Nd6 36. f3 Nb7 37. Qb6 Qc8 38. Kg2 Nc5 39. Ba2 Qb7 40. Qxc5 1-0

[Event "Autumn Cup"]
[Site "Wellington Chess Club"]
[Date "2022.06.23"]
[Round "6.2"]
[White "Darr, Samuel"]
[Black "Manoharan, Sivaram"]
[Result "0-1"]
[WhiteElo "1581"]
[BlackElo "1500"]

1. e4 c5 2. Nf3 d6 3. d4 cxd4 4. Nxd4 Nf6 5. Nc3 a6 6. Be2 e5 7. Nb3 Be7 8. Be3
Be6 9. h3 Qc7 10. Qd2 Nbd7 11. Bd3 b5 12. O-O O-O 13. a4 b4 14. Ne2 a5 15. Ng3
d5 16. exd5 Nxd5 17. Rfe1 Nxe3 18. Qxe3 f5 19. f4 Bxb3 20. cxb3 Bc5 21. Nxf5
Rxf5 22. Bxf5 Bxe3+ 23. Rxe3 Qa7 24. Re1 exf4 25. Bxd7 fxe3 26. Be6+ Kh8 27.
Kh1 Qd4 28. Bc4 Qxb2 29. Re2 Qe5 30. Bb5 Rd8 31. Re1 g6 32. Bc4 Rd2 0-1

[Event "Autumn Cup"]
[Site "Wellington Chess Club"]
[Date "2022.06.23"]
[Round "6.4"]
[White "Jones, Christopher"]
[Black "Lavender, Ariel"]
[Result "1-0"]
[WhiteElo "1531"]
[BlackElo "1335"]

1. e4 c5 2. c3 Nf6 3. e5 Nd5 4. Bc4 Nb6 5. Na3 Nc6 6. Nf3 Nxc4 7. Nxc4 d5 8.
exd6 exd6 9. O-O Be7 10. d4 b5 11. d5 bxc4 12. Qa4 Qb6 13. b4 Bd7 14. dxc6 Bxc6
15. Qd1 cxb4 16. Rb1 a5 17. Re1 f6 18. Qxd6 Qb7 19. Rxe7+ Qxe7 20. Qxc6+ Kf7
21. Qxc4+ Kf8 22. cxb4 Rd8 23. Ba3 g5 24. Qc3 Kg7 25. bxa5 Qe4 26. Re1 Qd5 27.
Be7 Qe6 28. Rxe6 1-0

[Event "Autumn Cup"]
[Site "Wellington Chess Club"]
[Date "2022.06.23"]
[Round "6.5"]
[White "Paino, Roberto"]
[Black "Lynch, Oscar"]
[Result "0-1"]
[WhiteElo "1100"]
[BlackElo "1487"]

1. e4 { [%eval 0.33]   ah, guess we're going for a scandi } 1... d5 { [%eval
0.82] } 2. exd5 { [%eval 0.66] } 2... Nf6 { [%eval 0.74] } 3. Bb5+ { [%eval
0.56] } 3... Bd7 { [%eval 0.53] } 4. Qe2 $6 { [%eval 0.0]   Inaccuracy. Bc4 was
best. }  (4. Bc4 Bg4 5. f3 Bf5 6. Nc3 c6 7. dxc6 Nxc6 8. d3 e6) 4... Nxd5 {
[%eval 0.25] } 5. Bxd7+ { [%eval 0.25] } 5... Qxd7 { [%eval 0.23] } 6. Nf3 $6 {
[%eval -0.28]   Inaccuracy. d4 was best. }  (6. d4 c5 7. dxc5 e6 8. Nf3 Bxc5 9.
O-O Nc6 10. c4 Nf6) 6... Nc6 { [%eval 0.17] } 7. d3 $2 { [%eval -0.94]
Mistake. d4 was best. }  (7. d4 e6 8. O-O O-O-O 9. c3 Bd6 10. b4 e5 11. b5 Na5)
7... g6 { [%eval -0.65]   I thought his queenside was under development so I
thought it would be a good idea to pressure it } 8. O-O { [%eval -0.95] } 8...
Bg7 { [%eval -0.87] } 9. c3 { [%eval -0.97] } 9... b5 $2 { [%eval 0.3]
Mistake. O-O-O was best.   probably should've played e5 to prevent d4 :( }  (
9... O-O-O 10. d4 Rhe8 11. c4 Nb6 12. d5 Na5 13. Ng5 Qf5 14. Na3 e6 15. d6 cxd6
16. Be3) 10. a3 $6 { [%eval -0.58]   Inaccuracy. d4 was best. }  (10. d4 b4 11.
Rd1 O-O 12. a3 bxc3 13. Nxc3 Rfb8 14. Nxd5 Qxd5 15. Be3 Nd8 16. Rac1 Ne6) 10...
Nb6 $6 { [%eval 0.26]   Inaccuracy. O-O was best. }  (10... O-O 11. d4 a6 12.
Rd1 Na5 13. Qc2 Rfd8 14. Re1 Nb7 15. a4 c5 16. axb5 axb5 17. Rxa8) 11. Nbd2 {
[%eval -0.17]   I should've made my queen more useful with Qd5 } 11... Rd8 {
[%eval 0.31] }  (11... Qd5 12. Ne4 O-O 13. d4 e5 14. Nxe5 Nxe5 15. dxe5 Qxe5)
12. d4 { [%eval 0.29] } 12... Na5 $6 { [%eval 1.22]   Inaccuracy. Qd5 was best.
}  (12... Qd5 13. Re1 (13. Ne4 O-O 14. Bg5 h6 15. Bf4 Nc4 16. a4 b4 17. Rfe1 f5
18. Ng3 bxc3 19. bxc3) 13... O-O 14. Nf1 Qc4 15. Qe4 e5 16. Nxe5 Nxe5 17. dxe5
Qxe4 18. Rxe4 Rd1) 13. b4 $6 { [%eval 0.63]   Inaccuracy. Re1 was best. }  (13.
Re1) 13... Nac4 { [%eval 0.93] } 14. Nb3 $2 { [%eval -0.13]   Mistake. Nxc4 was
best. }  (14. Nxc4 Nxc4) 14... Na4 { [%eval 0.13] } 15. Qc2 { [%eval -0.35] }
15... O-O { [%eval -0.16] } 16. Nbd2 { [%eval -0.1] } 16... Ncb6 { [%eval 0.07]
} 17. Nb3 { [%eval -0.29] } 17... Nd5 $6 { [%eval 0.64]   Inaccuracy. Rfe8 was
best. }  (17... Rfe8) 18. Bd2 { [%eval 0.52] } 18... Ndb6 { [%eval 0.5]   Draw
offer from Roberto was made at this point, response: no } 19. Rad1 $2 { [%eval
-0.58]   Mistake. Na5 was best. }  (19. Na5) 19... Nc4 { [%eval -0.64] } 20.
Bc1 { [%eval -0.8] } 20... Qc6 $6 { [%eval -0.17]   Inaccuracy. Qf5 was best. }
(20... Qf5 21. Qxf5 gxf5 22. Bd2 Rd6 23. g3 Rfd8 24. Rfe1 e5 25. Nh4 f4 26. Nf5
R6d7 27. Nc5) 21. Rfe1 { [%eval -0.25] } 21... Rfe8 { [%eval -0.26] } 22. Nfd2
{ [%eval -0.13] } 22... Nd6 { [%eval 0.24] } 23. Nc5 { [%eval 0.02] } 23...
Nxc5 { [%eval 0.25] } 24. bxc5 { [%eval 0.33] } 24... Nf5 { [%eval 0.32] } 25.
Nf3 { [%eval -0.09] } 25... Bf6 $6 { [%eval 0.63]   Inaccuracy. e5 was best. }
(25... e5 26. dxe5 a6 27. Rxd8 Rxd8 28. Bg5 Re8 29. Qd1 h6 30. g4 Ne7 31. Bf6
Qxc5 32. Qd7) 26. Qe4 { [%eval 0.37] } 26... Qxe4 { [%eval 0.5] } 27. Rxe4 {
[%eval 0.53] } 27... Rd5 { [%eval 0.63] } 28. Bf4 { [%eval 0.77] } 28... c6 {
[%eval 0.68] } 29. Rde1 { [%eval 0.65] } 29... e6 { [%eval 0.62] } 30. Ne5 {
[%eval 0.25] } 30... Ne7 { [%eval 0.41] } 31. Ng4 { [%eval 0.11] } 31... Bg7 {
[%eval 0.06] } 32. Be5 { [%eval 0.17] } 32... Rd7 { [%eval 0.4] } 33. Bxg7 {
[%eval 0.0] } 33... Kxg7 { [%eval 0.22] } 34. Rf4 $2 { [%eval -0.87]   Mistake.
Ne5 was best. }  (34. Ne5 Rc7 35. Nd3 (35. Kf1 Nd5 36. Rc1 a5 37. Nd3 Rb7 38.
g3 h5 39. Re2 Rbb8 40. Ne5 Ne7) 35... a5 36. h3 Nd5 37. Rc1 Rce7 38. Ne5 Rc7
39. Nd3 Rb7 40. Ne5 Rc8 41. Nd3 b4 42. axb4 axb4 43. cxb4 Rcc7 44. Ra1) 34...
Nd5 { [%eval -0.96] } 35. Rf3 { [%eval -0.97] } 35... f6 { [%eval -1.05] } 36.
a4 $4 { [%eval -3.56]   Blunder. Rd3 was best. }  (36. Rd3 e5 37. Kf1 e4 38.
Rg3 Kf7 39. Nh6+ Kf8 40. Ng4 Re6 41. Rc1 Nf4 42. Rb1 Nd3) 36... a6 $4 { [%eval
-1.39]   Blunder. h5 was best. }  (36... h5 37. Ne3 Nxc3 38. axb5 Nxb5 39. Nc2
a5 40. Rd3 e5 41. f4 e4 42. Rd2 a4 43. g3) 37. axb5 { [%eval -1.35] } 37...
axb5 { [%eval -1.06] } 38. Ra1 $6 { [%eval -1.75]   Inaccuracy. Rc1 was best. }
(38. Rc1 e5 39. c4 Nf4 40. cxb5 cxb5 41. Nxf6 Kxf6 42. g3 Ke6 43. gxf4 exd4 44.
Rb3 Rb8) 38... h5 { [%eval -1.79] } 39. Ne3 { [%eval -1.84] } 39... Nxc3 {
[%eval -1.93] } 40. Nc2 { [%eval -1.83] } 40... Ne2+ $2 { [%eval -0.73]
Mistake. Nd5 was best. }  (40... Nd5 41. Ra6) 41. Kf1 { [%eval -0.91] } 41...
Nxd4 { [%eval -0.83] } 42. Rd3 $4 { [%eval -4.22]   Blunder. Nxd4 was best. }
(42. Nxd4 Rxd4) 42... Red8 $2 { [%eval -2.33]   Mistake. e5 was best. }  (42...
e5 43. Nb4 Ree7 44. Ra6 Ra7 45. Rda3 Rxa6 46. Rxa6 Rc7 47. Rb6 g5 48. f3 Kg6
49. Kf2) 43. Nb4 $6 { [%eval -3.4]   Inaccuracy. Nxd4 was best. }  (43. Nxd4
Rxd4) 43... Rc7 { [%eval -3.43] } 44. Rad1 $6 { [%eval -4.82]   Inaccuracy. h4
was best. }  (44. h4 e5 45. Ra6 Rdc8 46. g3 Kf7 47. Kg2 Ke6 48. Rd1 Rd8 49.
Rda1 Kf5 50. Rb6 g5) 44... e5 { [%eval -4.86] } 45. f4 { [%eval -5.66] } 45...
Ra8 { [%eval -5.42] } 46. fxe5 { [%eval -5.6] } 46... fxe5 { [%eval -5.28] }
47. R3d2 { [%eval -6.51] } 47... Nb3 $2 { [%eval -3.22]   Mistake. Ra4 was
best. }  (47... Ra4 48. Rb2 Rf7+ 49. Kg1 Rf4 50. Kh1 Re4 51. h3 Kh6 52. Kh2 Kg5
53. Rd3 h4 54. g3) 48. Rd7+ { [%eval -3.18] } 48... Rxd7 { [%eval -3.35] } 49.
Rxd7+ { [%eval -3.33] } 49... Kf6 { [%eval -3.65] } 50. Rd6+ { [%eval -3.53] }
50... Kf5 { [%eval -3.97] } 51. Rxc6 { [%eval -4.68] } 51... Ra1+ { [%eval
-4.26] } 52. Kf2 { [%eval -4.55] } 52... Nd4 $2 { [%eval -2.81]   Mistake. Rc1
was best. }  (52... Rc1 53. h3 Rxc5 54. g4+ Kg5 55. gxh5 gxh5 56. Re6 Nd4 57.
Re8 Kf5 58. Rh8 Rc4 59. Rxh5+) 53. Rc8 $2 { [%eval -4.98]   Mistake. Rb6 was
best. }  (53. Rb6 Rc1) 53... Ke4 { [%eval -4.69] } 54. c6 { [%eval -4.5] }
54... Rb1 { [%eval -4.75] } 55. Na6 $6 { [%eval -6.79]   Inaccuracy. c7 was
best.   Had no idea if this was a winning endgame until this point when I knew
the king was in danger }  (55. c7 Rb2+) 55... Rb2+ { [%eval -6.35] } 56. Kg3 {
[%eval -6.84] }  (56. Kg1 Ne2+ 57. Kf1 Ke3 58. g3 Nd4 59. Nc7 Rf2+ 60. Ke1 Nc2+
61. Kd1 Nb4 62. Kc1 Rc2+ 63. Kb1 Rxc6) 56... Nf5+ { [%eval -7.35] } 57. Kh3 {
[%eval -5.47] } 57... Rb3+ { [%eval -6.9] } 58. g3 { [%eval -3.73] } 58... g5 {
[%eval -7.12] } 59. Nc5+ $2 { [%eval #-3]   Checkmate is now unavoidable. Rg8
was best.   I got so scared I saw the fork but then I realised I had mate so
it's all good }  (59. Rg8 g4+ 60. Kg2 Rb2+ 61. Kf1 Kf3 62. Ke1 Re2+ 63. Kd1
Ne3+ 64. Kc1 Rc2+ 65. Kb1 Rxc6) 59... Kf3 { [%eval #-2] } 60. Rg8 { [%eval #-2]
} 60... g4+ { [%eval #-1] } 61. Rxg4 { [%eval #-1] } 61... hxg4# { 0-1 Black
wins by checkmate. } 0-1

[Event "Autumn Cup"]
[Site "Wellington Chess Club"]
[Date "2022.06.23"]
[Round "6.6"]
[White "Farrington, Lawrence"]
[Black "Asher, Bruce"]
[Result "1-0"]
[WhiteElo "1600"]
[BlackElo "1101"]

1. e4 e6 2. d4 d5 3. Nc3 Bb4 4. e5 f6 5. Nf3 Nc6 6. a3 Bxc3+ 7. bxc3 Nge7 8.
Bd3 Nf5 9. O-O O-O 10. Bf4 g5 11. Bg3 Nxg3 12. fxg3 f5 13. Qd2 h6 14. h3 a6 15.
Nh2 Kg7 16. a4 a5 17. Qe2 b6 18. Rf2 Rf7 19. Raf1 Qf8 20. Ra1 f4 21. gxf4 Rxf4
22. Rxf4 Qxf4 23. Rf1 Nxd4 24. cxd4 Qxd4+ 25. Kh1 Bd7 26. Qf3 Qf4 27. Qxf4 gxf4
28. Rxf4 c5 29. Bb5 Bxb5 30. axb5 a4 31. Rf1 a3 32. Ra1 c4 33. Nf3 Kg6 34. Nd4
Kf7 35. Kg1 a2 36. Kf2 Ra3 37. Ne2 Kg6 38. g4 Kg5 39. c3 h5 40. gxh5 Kxh5 41.
Ke3 Kh4 42. Kd4 Kg5 43. Nc1 Ra5 44. Rxa2 Rxb5 45. Rf2 Kh4 46. Ke3 Kxh3 47. Rf6
Rb1 48. Ne2 Rd1 49. Rxe6 Kg2 50. Nf4+ Kg3 51. Rg6+ Kh4 52. Rxb6 Re1+ 53. Kf3
Rxe5 54. Ng6+ 1-0

[Event "Autumn Cup"]
[Site "Wellington Chess Club"]
[Date "2022.06.23"]
[Round "6.7"]
[White "Qu, Lucas"]
[Black "Miller, Jackson"]
[Result "0-1"]
[WhiteElo "1289"]
[BlackElo "1312"]

1. e4 c5 2. Nf3 Nc6 3. Nc3 e6 4. Bc4 Nf6 5. O-O Nxe4 6. Nxe4 d5 7. Bxd5 Qxd5 8.
Re1 Be7 9. c3 O-O 10. d4 Rd8 11. c4 Qxc4 12. Be3 cxd4 13. Rc1 Qd5 14. Bf4 b6
15. Bg5 Bb7 16. Bxe7 Nxe7 17. Qd3 Nf5 18. b3 Rac8 19. Nfg5 h6 20. Nh3 Rxc1 21.
Rxc1 Qxe4 22. Qxe4 Bxe4 23. Rc7 e5 24. f3 Bb1 25. Rxa7 d3 26. Rb7 d2 27. Rxb6
d1=Q+ 28. Kf2 Rd2# 0-1

[Event "Autumn Cup"]
[Site "Wellington Chess Club"]
[Date "2022.06.23"]
[Round "6.8"]
[White "Mills, Dan"]
[Black "Hupert, Leo"]
[Result "1-0"]
[WhiteElo "1100"]
[BlackElo "1277"]

1. e4 e5 2. Nf3 Nc6 3. Bc4 Nf6 4. d4 Nxe4 5. Nc3 Nxc3 6. bxc3 d5 7. Bb3 e4 8.
Ng5 f6 9. h4 fxg5 10. Bxg5 Be7 11. Qd2 Bxg5 12. hxg5 Ne7 13. f3 Bf5 14. O-O-O
Qd6 15. c4 dxc4 16. Bxc4 Qa3+ 17. Kb1 e3 18. Qe1 Nc6 19. Bb5 O-O-O 20. Bxc6
bxc6 21. g4 Bg6 22. Rh2 Rd5 23. Re2 Rb5+ 24. Ka1 Qb2# 1-0

[Event "Autumn Cup"]
[Site "Wellington Chess Club"]
[Date "2022.06.23"]
[Round "6.9"]
[White "Turner, Giles"]
[Black "Mavaram, Eashan"]
[Result "0-1"]
[WhiteElo "1265"]
[BlackElo "1217"]

1. e4 e5 2. Nf3 Nc6 3. d4 exd4 4. Nxd4 d6 5. Nc3 Bd7 6. Be2 Be7 7. O-O Nf6 8.
h3 h6 9. Be3 O-O 10. Bc4 a6 11. Qd3 Ne5 12. Qe2 Nxc4 13. Qxc4 c5 14. Nf3 b5 15.
Qd3 Be6 16. Rfe1 Bc4 17. Qd2 b4 18. Nd5 Nxe4 19. Qd1 Nf6 20. Nf4 Qc7 21. b3 Bb5
22. Qd2 Kh7 23. Nd5 Nxd5 24. Qxd5 Bf6 25. Rad1 Rad8 26. Bc1 Bc6 27. Qc4 Qc8 28.
Qd3+ Kh8 29. Re3 Bb5 30. Qd5 Bc6 31. Qd3 Bb5 32. Qd2 Bc3 33. Qd5 Bc6 34. Qd3
Bb5 35. Qe4 Rfe8 36. Qf4 Rxe3 37. Qxe3 Qc7 38. Rd5 Re8 39. Qxe8+ Bxe8 0-1

[Event "Julian Mazur Memorial"]
[Site "Wellington Chess Club"]
[Date "2022.07.28"]
[Round "1.1"]
[White "Ker, Anthony"]
[Black "Webster, Jamie"]
[Result "1-0"]
[WhiteElo "2428"]
[BlackElo "1703"]

1.e4 e5 2.Nf3 Nc6 3.d4 exd4 4.Bc4 Nf6 5.e5 Ne4 6.Qe2 Nc5 7.c3 d3 8.Qe3 Ne6 9.O-O d6 10.Re1 Be7 11.exd6 Qxd6 12.Nbd2 O-O 13.Ne4 Qd8 14.b4 Nb8 15.Bb2 Re8 16.Rad1 Bf8 17.Bxd3 Qe7 18.a3 Bd7 19.Bc2 Bc6 20.c4 Nd7 21.b5 Bxe4 22.Qxe4 g6 23.Qxb7 Nb6 24.Qe4 Qc5 25.Bb3 Ng5 26.Qf4 Nxf3+ 27.Qxf3 Bg7 28.Bxg7 Kxg7 29.Qc3+ Kg8 30.a4 Rad8 31.a5 Nc8 32.Rxd8 Rxd8 33.Qf6 Qd6 34.Qxd6 Nxd6 35.Re7 Ne8 36.c5 Kh8 37.h3 f5 38.Bf7 Nf6 39.Rxc7 g5 40.b6 1-0
1-0

[Event "Julian Mazur Memorial"]
[Site "Wellington Chess Club"]
[Date "2022.07.28"]
[Round "1.2"]
[White "Brockway, Andrew"]
[Black "Dive, Russell"]
[Result "0-1"]
[WhiteElo "1686"]
[BlackElo "2389"]

1. e4 d5 2. exd5 Nf6 3. d4 Nxd5 4. c4 Nf6 5. h3 e6 6. Nc3 c5 7. dxc5 Qxd1+ 8.
Nxd1 Bxc5 9. Be3 Bb4+ 10. Nc3 O-O 11. O-O-O Bxc3 12. bxc3 Nc6 13. Bd3 b6 14.
Nf3 Ba6 15. c5 Bxd3 16. Rxd3 Rfc8 17. Kc2 Nd5 18. Rb1 Na5 19. Nd2 Nxe3+ 20.
fxe3 Rxc5 21. Nb3 Rg5 22. g4 Nc4 23. Rbd1 Rf8 24. Nd2 Ne5 25. Rd4 f5 26. gxf5
exf5 27. h4 Rg3 28. Re1 Re8 29. Ra4 Rg2 30. Rd4 Nf3 0-1

[Event "Julian Mazur Memorial"]
[Site "Wellington Chess Club"]
[Date "2022.07.28"]
[Round "1.3"]
[White "Winter, Ryan"]
[Black "Scott, Callum"]
[Result "1-0"]
[WhiteElo "2197"]
[BlackElo "1653"]

1. e4 e5 2. Nf3 Nc6 3. Bb5 a6 4. Ba4 Nf6 5. d3 Bc5 6. O-O O-O 7. Bxc6 bxc6 8.
Nxe5 Bb7 9. c3 Bb6 10. Bg5 Qe7 11. Ng4 Qe6 12. Bxf6 gxf6 13. Qf3 Kg7 14. Qf4 f5
15. exf5 Qd6 16. Qf3 Rg8 17. Nd2 Kf8 18. Ne4 c5 19. Qh3 Bxe4 20. dxe4 Qf4 21.
Nf6 Ke7 22. Nd5+ 1-0

[Event "Julian Mazur Memorial"]
[Site "Wellington Chess Club"]
[Date "2022.07.28"]
[Round "1.4"]
[White "Farrington, Lawrence"]
[Black "Archer, Ollie"]
[Result "0-1"]
[WhiteElo "1602"]
[BlackElo "2186"]

1. e4 c6 2. d4 d5 3. exd5 cxd5 4. c4 Nf6 5. Nc3 g6 6. Nf3 Bg7 7. Bd3 O-O 8. O-O
Nc6 9. Be3 Bg4 10. cxd5 Nxd5 11. Be2 e6 12. h3 Bxf3 13. Bxf3 Nxe3 14. fxe3 Qc7
15. Qe2 Rad8 16. Rac1 Qb6 17. Na4 Nxd4 18. Nxb6 Nxe2+ 19. Bxe2 axb6 20. Rc2 Rd7
21. Bb5 Rd5 22. a4 Be5 23. Kf2 Rfd8 24. b4 Rd2+ 25. Rxd2 Rxd2+ 26. Kf3 Bd6 27.
Rc1 Kf8 28. Rc4 Rb2 29. Rc8+ Ke7 30. Re8+ Kf6 31. Rd8 Bxb4 32. Rd3 Be1 33. Rd1
Rf2+ 34. Ke4 Bd2 35. Rf1 Rxf1 36. Bxf1 Kg5 37. Kf3 e5 38. e4 Be1 39. Bc4 f5 40.
Bd3 f4 41. Bb5 Kf6 42. Bd7 Ke7 43. Bb5 Kd6 44. Be8 Kc5 45. Bf7 b5 46. axb5 Kxb5
47. Ke2 Ba5 48. Kd3 Kb4 49. Kc2 b5 50. Bg8 h6 51. Bf7 g5 52. Be6 h5 53. Bf7 g4
54. hxg4 hxg4 55. Bh5 f3 56. gxf3 g3 0-1

[Event "Julian Mazur Memorial"]
[Site "Wellington Chess Club"]
[Date "2022.07.28"]
[Round "1.5"]
[White "Langford, Josh"]
[Black "Jones, Christopher"]
[Result "1-0"]
[WhiteElo "2166"]
[BlackElo "1574"]

1. e4 e5 2. Nf3 Nc6 3. Bc4 Bc5 4. c3 Nf6 5. d3 d6 6. O-O Bg4 7. Re1 Qd7 8. Nbd2
O-O 9. Nf1 Ne7 10. h3 Bh5 11. Ng3 Bg6 12. d4 exd4 13. cxd4 Bb6 14. Nh4 c6 15.
Bb3 h6 16. Nxg6 Nxg6 17. Qd3 Rfe8 18. Bd2 Kf8 19. Nf5 Ne7 20. Nxh6 gxh6 21.
Bxh6+ Kg8 22. Qg3+ Ng4 23. hxg4 Bxd4 24. Rad1 Be5 25. Qxe5 1-0

[Event "Julian Mazur Memorial"]
[Site "Wellington Chess Club"]
[Date "2022.07.28"]
[Round "1.6"]
[White "Paino, Roberto"]
[Black "Van der Hoorn, Thomas"]
[Result "0-1"]
[WhiteElo "1574"]
[BlackElo "2059"]

1. e4 c6 2. Nc3 d5 3. exd5 cxd5 4. d4 Nf6 5. Nf3 Bg4 6. Be2 e6 7. Bf4 Bd6 8.
Qd2 O-O 9. O-O Nc6 10. Rfe1 a6 11. Ne5 Bxe2 12. Nxc6 bxc6 13. Bxd6 Qxd6 14.
Nxe2 Ne4 15. Qc1 c5 16. f3 Nf6 17. c3 Rfc8 18. Qd2 Rab8 19. Rac1 c4 20. Rb1 a5
21. Nc1 a4 22. a3 Re8 23. Re5 Nd7 24. Re1 Rb7 25. Qc2 Qc6 26. Na2 Rbb8 27. Nb4
Qb5 28. Qf2 Rbd8 29. Nc2 e5 30. Qg3 0-1

[Event "Julian Mazur Memorial"]
[Site "Wellington Chess Club"]
[Date "2022.07.28"]
[Round "1.7"]
[White "Forster, Bill"]
[Black "Hampshire, Thomas"]
[Result "1-0"]
[WhiteElo "2037"]
[BlackElo "1500"]

1. d4 d5 2. c4 e6 3. Nc3 Nf6 4. cxd5 exd5 5. Bg5 Bf5 6. Qb3 Nc6 7. Bxf6 Qxf6 8.
e3 Nb4 9. Nxd5 Nxd5 10. Qxd5 Bb4+ 11. Kd1 O-O 12. Nf3 Rfd8 13. Qb3 c5 14. Bc4
Bh3 15. Ke2 Bxg2 16. Ne5 Rf8 17. Rhg1 Bc6 18. Rg4 cxd4 19. Nxc6 bxc6 20. Qxb4
Rab8 21. Qe1 Rfe8 22. Rb1 c5 23. b3 Qf5 24. Qg1 Qh5 25. Kf1 g6 26. exd4 Rbd8
27. d5 Re5 28. Qg3 Qf5 29. Bd3 Qd7 30. Qxe5 1-0

[Event "Julian Mazur Memorial"]
[Site "Wellington Chess Club"]
[Date "2022.07.28"]
[Round "1.8"]
[White "Thirkell, Zachary"]
[Black "Tanoi, Edward"]
[Result "0-1"]
[WhiteElo "1500"]
[BlackElo "1985"]

1. e4 c5 2. Nf3 Nc6 3. Bb5 e6 4. d4 cxd4 5. Nxd4 Nge7 6. c3 a6 7. Ba4 Ng6 8.
Be3 Be7 9. O-O O-O 10. Nd2 Nce5 11. f4 Nc6 12. N2f3 Qc7 13. Qd2 b5 14. Bc2 Na5
15. Bd3 Nc4 16. Bxc4 Qxc4 17. Qe2 Qc7 18. Nd2 Bb7 19. Rac1 Bc5 20. Qd3 Qb6 21.
b4 Bxd4 22. cxd4 Qd6 23. Nb3 Rad8 24. Nc5 Bc8 25. Qd2 f5 26. e5 Qd5 27. Qe2 d6
28. Nb3 Bb7 29. Rc2 Rc8 30. Rfc1 Rxc2 31. Rxc2 Nh4 32. exd6 Rf6 33. Nc5 Bc6 34.
d7 Rg6 35. g3 Kf8 36. Nxa6 Bxd7 37. Nc7 Qe4 38. d5 Nf3+ 39. Kf2 Nxh2 40. Bc5+
Kf7 41. Qxe4 fxe4 42. dxe6+ Bxe6 43. Nxe6 Rxe6 44. Rd2 e3+ 45. Bxe3 Ng4+ 46.
Kf3 Nxe3 47. Rd7+ Kf6 48. Rb7 Nc2 49. Rxb5 Nd4+ 50. Kg2 Nxb5 51. a4 Nc3 52. a5
Re4 53. a6 Rxb4 54. a7 Ra4 55. a8=Q Rxa8 0-1

[Event "Julian Mazur Memorial"]
[Site "Wellington Chess Club"]
[Date "2022.07.28"]
[Round "1.9"]
[White "Perrin, Brent"]
[Black "Ulm, Joy"]
[Result "1-0"]
[WhiteElo "1965"]
[BlackElo "1500"]

1. e4 c5 2. Nc3 Nc6 3. f4 e5 4. fxe5 Nxe5 5. Nf3 Nxf3+ 6. Qxf3 g6 7. Bc4 Qf6 8.
O-O Qd4+ 9. Kh1 f5 10. d3 Bd6 11. Nb5 Qe5 12. Nxd6+ Qxd6 13. exf5 Ne7 14. fxg6
hxg6 15. Qf7+ Kd8 16. Bf4 Qb6 17. Be5 Re8 18. Rae1 d5 19. Rf6 Be6 20. Rxe6 1-0

[Event "Julian Mazur Memorial"]
[Site "Wellington Chess Club"]
[Date "2022.07.28"]
[Round "1.10"]
[White "Shepherd, Blake"]
[Black "Hall, Nathan"]
[Result "1/2-1/2"]
[WhiteElo "1497"]
[BlackElo "1954"]

1. d4 Nf6 2. c4 g6 3. Nf3 Bg7 4. Nc3 O-O 5. Bg5 h6 6. Bxf6 exf6 7. d5 d6 8. e4
f5 9. Qc2 Bxc3+ 10. Qxc3 fxe4 11. Nd2 f5 12. O-O-O Qf6 13. Qe3 Kh7 14. h3 Nd7
15. g4 Ne5 16. Be2 Bd7 17. Nf1 fxg4 18. hxg4 Qf4 19. Rd4 Qxe3+ 20. fxe3 Rf2 21.
Ng3 Re8 22. Rxe4 Rxe2 23. Rxe5 Rxe5 24. Nxe2 Bxg4 25. Kd2 b5 26. b3 Bxe2 27.
Kxe2 bxc4 28. bxc4 g5 29. Rb1 g4 30. Rb7 Re7 31. Rxa7 Rf7 32. c5 g3 33. cxd6 g2
34. Rxc7 g1=Q 35. Rxf7+ Kg6 36. d7 Qg2+ 37. Ke1 Qxd5 38. Re7 Kf6 39. Rh7 Kg6
40. Re7 Qa5+ 41. Kf1 Qd8 42. Re6+ Kf5 43. Rd6 Ke4 44. Ke2 h5 45. Rd4+ Ke5 46.
a4 h4 47. a5 h3 48. a6 h2 49. Rd1 Qxd7 50. Rxd7 h1=Q 51. a7 Qg2+ 52. Ke1 Qa2
53. Kf1 Ke4 54. Ke1 Kxe3 55. Kd1 Qe2+ (55... Qb1#) 56. Kc1 Qa2 57. Re7+ Kd4 58.
Rc7 Kd5 59. Kd1 Kd6 60. Rf7 Ke6 61. Rg7 Kf5 62. Rf7+ Kg4 63. Ke1 Kg5 64. Kd1
Qb3+ 65. Kc1 Qd5 66. Kb2 Kg4 67. Kc1 Kg5 68. Kc2 Kg6 69. Re7 Qc5+ 70. Kd1 Qc6
71. Kd2 Kf6 72. Rc7 1/2-1/2

[Event "Julian Mazur Memorial"]
[Site "Wellington Chess Club"]
[Date "2022.07.28"]
[Round "1.11"]
[White "Benitez, Edgar"]
[Black "Lavender, Ariel"]
[Result "1-0"]
[WhiteElo "1952"]
[BlackElo "1486"]

1. d4 Nf6 2. Nf3 d5 3. Bf4 e6 4. e3 Bd6 5. Ne5 Nbd7 6. Nd2 Bxe5 7. dxe5 Ne4 8.
Bd3 Nec5 9. Be2 O-O 10. O-O b6 11. Nf3 Ba6 12. Bxa6 Nxa6 13. Qe2 Qc8 14. c4
dxc4 15. Qxc4 c5 16. Rad1 Nc7 17. h4 Nd5 18. Bg3 b5 19. Qxb5 Rb8 20. Qe2 c4 21.
Rd4 Rb4 22. a3 Ra4 23. Qc2 Qa6 24. e4 N5b6 25. Rfd1 Nc5 26. Rd8 Qb7 27. Rxf8+
Kxf8 28. Rd4 Nb3 29. Rd6 Nc5 30. Nd2 Nd3 31. Rxb6 Qxb6 32. Qxa4 Qxb2 33. Nxc4
Qc1+ 34. Kh2 Qf1 35. Ne3 1-0

[Event "Julian Mazur Memorial"]
[Site "Wellington Chess Club"]
[Date "2022.07.28"]
[Round "1.12"]
[White "Lynch, Oscar"]
[Black "Lyall, Gordon"]
[Result "0-1"]
[WhiteElo "1445"]
[BlackElo "1942"]

1. d4 d5 2. c4 e6 3. g3 Nf6 4. Nf3 Be7 5. Bg2 O-O 6. O-O c6 7. Nfd2 Nbd7 8. e4
dxe4 9. Nxe4 Nxe4 10. Bxe4 Nf6 11. Bg2 c5 12. Qb3 cxd4 13. Bf4 Bd6 14. Bxd6
Qxd6 15. Nd2 e5 16. Rfe1 Rb8 17. Qb5 Nd7 18. Ne4 Qc7 19. c5 a6 20. Qb4 b6 21.
c6 Qxc6 22. Rac1 Qg6 23. Nd6 Nc5 24. Rxc5 Qxd6 25. Rc4 Qxb4 26. Rxb4 a5 27. Rb5
f6 28. Bd5+ Kh8 29. Re4 Rd8 30. Rh4 Ba6 31. Rb3 Rxd5 32. g4 d3 33. Rh3 d2 34.
Rbd3 Rxd3 35. Rxd3 Bxd3 36. Kg2 d1=Q 37. f4 Qxg4+ 38. Kh1 Be4# 0-1